| 000 | 00413 a2200181 4500 | ||
|---|---|---|---|
| 001 | sjds | ||
| 003 | sjds | ||
| 005 | 20240207120659.0 | ||
| 008 | 240207b |||||||| |||| 00| 0 spa d | ||
| 020 | _a9781472375216 | ||
| 020 | _a1472375211 | ||
| 040 | _csjds | ||
| 041 | _aspa | ||
| 245 | 1 | 0 |
_aDino Supersaurios: _bPasatiempos Megasaurios |
| 260 |
_bParragon Books _c[2015] |
||
| 300 | _a128 pages | ||
| 942 | _cBK | ||
| 999 |
_c24677 _d24677 |
||